Использование потенциала давления газа в системах газоснабжения; Энергетика: экология, надежность, безопасность

Bibliografiske detaljer
Parent link:Энергетика: экология, надежность, безопасность.— 2008
Hovedforfatter: Садовников Е. С.
Andre forfattere: Пиховкина Н. В.
Sprog:russisk
Udgivet: 2008
Fag:
Online adgang:http://www.lib.tpu.ru/fulltext/m/2009/m19.pdf#page=95
Format: MixedMaterials Electronisk Book Chapter
KOHA link:https://koha.lib.tpu.ru/cgi-bin/koha/opac-detail.pl?biblionumber=155531

MARC

LEADER 00000naa2a2200000 4500
001 155531
005 20251204132636.0
035 |a (RuTPU)RU\TPU\book\168709 
090 |a 155531 
100 |a 20090316d2008 k y0rusy50 ca 
101 0 |a rus 
102 |a RU 
200 1 |a Использование потенциала давления газа в системах газоснабжения  |f Е. С. Садовников, Н. В. Пиховкина 
320 |a Библиогр.: 3 назв. 
337 |a Adobe Reader. 
463 1 |0 (RuTPU)RU\TPU\book\162397  |t Энергетика: экология, надежность, безопасность  |o материалы докладов 14 Всероссийской научно-технической конференции, 9-11 декабря 2008 г., Томск  |f Томский политехнический университет (ТПУ) [и др.] ; под ред. В. В. Литвака [и др.]  |d 2008 
610 1 |a газоснабжение 
610 1 |a системы газоснабжения 
610 1 |a энергоносители 
610 1 |a эксэргия 
610 1 |a газокомпрессорные станции 
610 1 |a давление 
610 1 |a вихревые трубы 
610 1 |a холод 
610 1 |a дросселирование 
610 1 |a потенциальная энергия 
610 1 |a поток газа 
610 1 |a труды учёных ТПУ 
610 1 |a электронный ресурс 
675 |a 696.2(075.8)  |v 3 
700 1 |a Садовников  |b Е. С. 
701 1 |a Пиховкина  |b Н. В. 
801 1 |a RU  |b 63413507  |c 20090316  |g PSBO 
801 2 |a RU  |b 63413507  |c 20140227  |g PSBO 
856 4 |u http://www.lib.tpu.ru/fulltext/m/2009/m19.pdf#page=95 
942 |c CF